Подготовка к клинической практике, Пособие по развитию речи для иностранных студентов-медиков

Bibliografske podrobnosti
Glavni avtor: В. Н. Дьякова
Izvleček:Книга не входит в премиум-версию платформы «Русский как иностранный».
Цель пособия - сформировать у иностранных студентов-медиков навыки профессиональной речи, подготовить их к устному общению с больным, к записи субъективных и объективных данных о больном в медицинскую карту стационарного больного. Специальные тексты составлены на базе учебников по медицине. Итоговое контрольное задание позволяет систематизировать и обобщить полученные знания и сформированные умения. Продолжение работы над профессиональной речью - в пособии «Диалог врача с больным».
Гарантированный срок размещения на платформе до 01.07.2026 (автопролонгация)
Izdano: Санкт-Петербург, Златоуст, 2019
Izdaja:Подготовка к клинической практике
Teme:
Online dostop:Перейти к просмотру издания
Format: MixedMaterials Elektronski

MARC

LEADER 00000 a2200000 4500
001 RU/ROS-EDU.RU/81417
856 4 |u https://www.ros-edu.ru/book?id=81417  |z Перейти к просмотру издания 
010 |a 978-5-86547-791-4 
205 |a Подготовка к клинической практике  |b 2026-07-01 
333 |a Гарантированный срок размещения на платформе до 01.07.2026 (автопролонгация) 
100 |a 20190101d2019 |||y0rusy0250   |s 2026-07-01 
105 |a y z 000zy 
101 0 |a rus 
102 |a RU 
200 1 |a Подготовка к клинической практике  |b Электронный ресурс  |e Пособие по развитию речи для иностранных студентов-медиков  |f В. Н. Дьякова 
700 1 |b В. Н.  |a Дьякова  |4 070 
330 |a Цель пособия - сформировать у иностранных студентов-медиков навыки профессиональной речи, подготовить их к устному общению с больным, к записи субъективных и объективных данных о больном в медицинскую карту стационарного больного. Специальные тексты составлены на базе учебников по медицине. Итоговое контрольное задание позволяет систематизировать и обобщить полученные знания и сформированные умения. Продолжение работы над профессиональной речью - в пособии «Диалог врача с больным». 
210 |a Санкт-Петербург  |c Златоуст  |d 2019 
610 1 |a медицина 
610 1 |a клиническая практика 
610 1 |a иностранный студент 
610 1 |a больной 
675 |a 811 
686 |a 81.2  |2 rubbk 
300 |a Книга не входит в премиум-версию платформы «Русский как иностранный». 
215 |a 308 с.